LEADER 01147nam--2200373---450 001 990003664560203316 005 20190606114650.0 010 $a978-88-339-2358-1 035 $a000366456 035 $aUSA01000366456 035 $a(ALEPH)000366456USA01 035 $a000366456 100 $a20120524d2012----km-y0itay50------ba 101 0 $aita 102 $aIT 105 $a||||||||001yy 200 1 $a<> signori del rating$econflitti di interesse e relazioni pericolose delle tre agenzie più temute dalla finanza globale$fPaolo Gila e Mario Miscali 210 $aTorino$cBollati Boringhieri$d2012 215 $a183 p.$d20 cm 225 2 $aTemi$v222 410 0$12001$aTemi$v222 606 0 $aAgenzie di rating$2BNCF 676 $a332.632042 700 1$aGILA,$bPaolo$0330105 701 1$aMISCALI,$bMario$036989 801 0$aIT$bsalbc$gISBD 912 $a990003664560203316 951 $a332.632 GIL 1$b235953 L.M.$c332.632$d00310975 959 $aBK 969 $aUMA 979 $aPASSARO$b90$c20120524$lUSA01$h1149 979 $aPASSARO$b90$c20120524$lUSA01$h1150 996 $aSignori del rating$9837764 997 $aUNISA LEADER 02042nas 2200613-a 450 001 9910395390203321 005 20210831213017.0 035 $a(DE-599)ZDB2608410-7 035 $a(OCoLC)567798437 035 $a(CKB)110978977974728 035 $a(CONSER)--2012256078 035 $a(EXLCZ)99110978977974728 100 $a20100323a19529999 --- - 101 0 $aeng 135 $aurbn||||||abp 135 $aurbn||||||ada 181 $ctxt$2rdacontent 182 $cc$2rdamedia 183 $acr$2rdacarrier 200 00$aOrientalia Suecana 210 $aUppsala, Sweden $cDept. of Linguistics and Philology, Uppsala University 215 $a1 online resource 300 $aRefereed/Peer-reviewed 300 $aEditor: 1952- E. Gren. 311 $a0078-6578 531 $aORIENTALIA SUECANA AN INTERNATIONAL JOURNAL OF INDOLOGICAL IRANIAN SEMITIC A 606 $aMiddle Eastern philology$vPeriodicals 606 $aOriental philology$vPeriodicals 606 $aPhilologie moyen-orientale$vPériodiques 606 $aPhilologie orientale$vPériodiques 606 $aCivilization$2fast$3(OCoLC)fst00862898 606 $aMiddle Eastern philology$2fast$3(OCoLC)fst01020346 606 $aOriental philology$2fast$3(OCoLC)fst01048118 607 $aMiddle East$xCivilization$vPeriodicals 607 $aAsia$xCivilization$vPeriodicals 607 $aMoyen-Orient$xCivilisation$vPériodiques 607 $aAsie$xCivilisation$vPériodiques 607 $aAsia$2fast 607 $aMiddle East$2fast 608 $aElectronic journals. 608 $aPeriodicals.$2fast 615 0$aMiddle Eastern philology 615 0$aOriental philology 615 6$aPhilologie moyen-orientale 615 6$aPhilologie orientale 615 7$aCivilization. 615 7$aMiddle Eastern philology. 615 7$aOriental philology. 676 $a950/.05 701 $aGren$b Erik$f1904-1959.$0201824 906 $aJOURNAL 912 $a9910395390203321 996 $aOrientalia Suecana$92258064 997 $aUNINA